MARC

LEADER 00000nam0a2200000 4500
001 362943
005 20250211063218.0
035 |a (RuTPU)RU\TPU\retro\20289 
035 |a RU\TPU\retro\20288 
090 |a 362943 
100 |a 20210906d1978 k y0rusy5003 ca 
101 0 |a rus 
102 |a RU 
105 |a y z 001zy 
200 1 |a Охрана окружающей среды от промышленных выбросов  |e [тематический сборник]  |f Московский энергетический институт ; под ред. Л. А. Рихтера 
210 |a Москва  |c Изд-во МЭИ  |d 1978 
215 |a 113 с.  |c табл., ил. 
225 1 |a Труды Московского энергетического института (МЭИ)  |v Вып. 354 
320 |a Библиогр. в конце ст. 
500 1 0 |a Труды Московского энергетического института  |9 88841 
606 1 |a Отходящие газы тепловых электрических станций  |x Обезвреживание  |x Технический контроль  |x Очистка  |2 stltpush  |3 (RuTPU)RU\TPU\subj\47857  |9 66766 
610 1 |a теплоиспользование 
610 1 |a воздушный бассейн 
610 1 |a методы защиты 
610 1 |a золоулавливание 
610 1 |a электрофильтры 
610 1 |a сероочистка 
610 1 |a горючие газы 
610 1 |a режимные мероприятия 
610 1 |a контрольно-эксплуатационные службы 
610 1 |a ТЭС 
610 1 |a дымовые трубы 
610 1 |a унификация 
610 1 |a минеральное сырье 
610 1 |a переработка 
610 1 |a многоступенчатые системы 
610 1 |a экономичность 
610 1 |a водоподготовка 
610 1 |a сбросные воды 
610 1 |a производственные отходы 
675 |a 621.311.22:628  |v 3 
702 1 |a Рихтер  |b Л. А.  |4 340 
712 0 2 |a Московский энергетический институт  |c (1930-1992)  |3 (RuTPU)RU\TPU\col\20092  |9 27693 
801 0 |a RU  |b 63413507  |c 19950704  |g psbo 
801 1 |a RU  |b 63413507  |c 20060118  |g PSBO 
801 2 |a RU  |b 63413507  |c 20220211  |g PSBO 
942 |c BK